| 000 | 00430 a2200133 4500 | ||
|---|---|---|---|
| 040 | _aDLC | ||
| 082 | _a364.125 | ||
| 245 |
_aCOMPAQ fingerprint identification technology : user's guide _cCompaq computer corporation. |
||
| 260 |
_aU.S.A. : _bCompaq Computer Corporation, _cc1998. |
||
| 300 |
_avarious pagings : _bill. ; _c24 cm. |
||
| 650 | _aFinger prints. | ||
| 700 | _aCompaq computer corporation. | ||
| 942 |
_cBK _k364.125 COM _2ddc |
||
| 999 |
_c7547 _d7547 |
||